000 00615nam a2200157Ia 4500
008 191001s9999 xx 000 0 und d
020 _a9781260085228
100 _aWidmaier, Eric P.
245 _cEric P Widmaier; Arthur J Vander; Hershel Raff; Kevin T Strang.--
_aVander's human physiology :
_bThe mechanisms of body function /
250 _a15th
260 _aNew York, NY :
_bMcGraw-Hill Education
_c2019
300 _axxv, 709 pages :
_bcollor illustrations
_c28 cm
500 _aIncludes appendix and glossary/ index.
650 _a Human physiology.
650 _aHuman physiology -- Problems, exercises, etc.
999 _c362236
_d362236